Mravenci ve sbírkách českých, moravských a slezských muzeí = Ants in the collections of Czech, Moravian and Silesian museums /

Main Author: Bezděčka, Pavel, 1952-
Other Authors: Bezděčková, Klára, Krásenský, Pavel, 1972-
Language: Czech
English
Published: Jihlava : Muzeum Vysočiny Jihlava, 2011
Subjects:
Online Access: Digitalizovaný dokument
Physical Description: 147 s. : barev. il. ; 27 cm
Language note: Část. souběžný anglický text
Book
Saved in:
LEADER 02274nam a2200589 a 4500
001 nkc20122405455
003 CZ PrNK
005 20180810235012.0
007 ta
008 121002s2011 xr a f b 000 0 cze
015 |a cnb002405455 
020 |a 978-80-86382-38-8  |q (váz.) 
035 |a (OCoLC)817050354 
040 |a ABA001  |b cze 
041 1 |a cze  |a eng  |h cze 
043 |a e-xr--- 
072 7 |a 59  |x Zoologie  |2 Konspekt  |9 2 
072 7 |a 01  |x Bibliografie. Katalogy  |2 Konspekt  |9 12 
080 |a 595.796  |2 MRF 
080 |a 591.9  |2 MRF 
080 |a 069.5:5  |2 MRF 
080 |a 069  |2 MRF 
080 |a (437.3)  |2 MRF 
080 |a (048.8)  |2 MRF 
080 |a 016  |2 MRF 
100 1 |a Bezděčka, Pavel,  |d 1952-  |7 jn20001103707  |4 aut  |4 pht 
245 1 0 |a Mravenci ve sbírkách českých, moravských a slezských muzeí =  |b Ants in the collections of Czech, Moravian and Silesian museums /  |c Pavel Bezděčka & Klára Bezděčková ; [autoři fotografií Pavel Krásenský, Pavel Bezděčka] 
246 3 1 |a Ants in the collections of Czech, Moravian and Silesian museums 
260 |a Jihlava :  |b Muzeum Vysočiny Jihlava,  |c 2011 
300 |a 147 s. :  |b barev. il. ;  |c 27 cm 
504 |a Obsahuje bibliografie 
546 |a Část. souběžný anglický text 
650 0 7 |a mravencovití  |7 ph115374  |2 czenas 
650 0 7 |a fauna  |7 ph114529  |z Česko  |2 czenas 
650 0 7 |a přírodovědné sbírky  |7 ph137270  |z Česko  |2 czenas 
650 0 7 |a muzea  |7 ph115380  |z Česko  |2 czenas 
650 0 9 |a ants  |2 eczenas 
650 0 9 |a fauna  |z Czechia  |2 eczenas 
650 0 9 |a natural history collections  |z Czechia  |2 eczenas 
650 0 9 |a museums  |z Czechia  |2 eczenas 
655 7 |a monografie  |7 fd132842  |2 czenas 
655 7 |a odborné bibliografie  |7 fd132950  |2 czenas 
655 9 |a monographs  |2 eczenas 
655 9 |a subject bibliography  |2 eczenas 
700 1 |a Bezděčková, Klára  |7 jo2012705882  |4 aut 
700 1 |a Krásenský, Pavel,  |d 1972-  |7 xx0038630  |4 pht 
856 4 1 |u http://www.digitalniknihovna.cz/mzk/uuid/uuid:05c25710-5dbb-11e8-9a07-005056827e52  |y Digitalizovaný dokument  |x NDK 
910 2 |a BOA001  |b 3-1305.103 
990 |a BK 
995 |a 01 
991 |b 201304  |c NOV  |e n 
996 6 |b 2610547266  |c 3-1305.103  |l MZK  |r Sklad / do 1 hodiny  |n 1  |p p.v.  |w 001323548  |u 000010  |a 1  |e BOA001  |j MZK50  |s P